| 000 | 00487nam a2200181Ia 4500 | ||
|---|---|---|---|
| 001 | 17878 | ||
| 005 | 20260306171549.0 | ||
| 008 | 260306s9999||||xx |||||||||||||| ||und|| | ||
| 041 | _aESP | ||
| 082 |
_a658.3 _bCH548 2017 |
||
| 100 |
_aChiavenato, Idalberto _eAUT |
||
| 245 | 0 |
_aAdministración de recursos humanos: _bel capital humano de las organizaciones |
|
| 260 | _c2017 | ||
| 300 |
_axi, 425 páginas : _c27 cm. |
||
| 650 | _aGEN | ||
| 654 | _aCAN | ||
| 942 |
_cLIB _dJUS _fJUS _2ddc _n |
||
| 999 |
_c17878 _d17878 |
||